GIORNALE DI FISICA DELLA SOCIETÀ ITALIANA DI FISICA. OTTOBRE DICEMBRE 1969. (Record n. 326792)
[ formato base ]
| 000 -LEADER | |
|---|---|
| fixed length control field | 01848nas a2200277Ia 4500 |
| 001 - CONTROL NUMBER | |
| control field | R530-R8198 |
| 003 - CONTROL NUMBER IDENTIFIER | |
| control field | IT-CnALBA |
| 008 - FIXED-LENGTH DATA ELEMENTS--GENERAL INFORMATION | |
| fixed length control field | 170116c99999999xx |||||||||||| ||und|| |
| 040 ## - CATALOGING SOURCE | |
| Original cataloging agency | IT-CnALBA |
| Transcribing agency | IT-CnALBA |
| 041 ## - LANGUAGE CODE | |
| Language code of text/sound track or separate title | ITALIANO |
| 999 ## - SYSTEM CONTROL NUMBERS (KOHA) | |
| Koha Dewey Subclass [OBSOLETE] | NO |
| 100 ## - MAIN ENTRY--PERSONAL NAME | |
| Personal name | BRAY A. |
| 210 ## - ABBREVIATED TITLE | |
| Abbreviated title | GIORNALE DI FISICA DELLA SOCIETÀ ITALIANA DI FISICA |
| 222 ## - KEY TITLE | |
| Key title | GIORNALE DI FISICA DELLA SOCIETÀ ITALIANA DI FISICA |
| 245 #0 - TITLE STATEMENT | |
| Title | GIORNALE DI FISICA DELLA SOCIETÀ ITALIANA DI FISICA. OTTOBRE DICEMBRE 1969. |
| 250 ## - EDITION STATEMENT | |
| Edition statement | 1a ed. |
| 260 ## - PUBLICATION, DISTRIBUTION, ETC. (IMPRINT) | |
| Place of publication, distribution, etc. | BOLOGNA |
| Name of publisher, distributor, etc. | COMPOSITORI EDITRICE |
| Date of publication, distribution, etc. | 1969 [1° Ed.:1969 - Ed.Ling.Originale: 1969] |
| 300 ## - PHYSICAL DESCRIPTION | |
| Extent | 80 p. |
| 310 ## - CURRENT PUBLICATION FREQUENCY | |
| Current publication frequency | TRIMESTRALE |
| 362 ## - DATES OF PUBLICATION AND/OR SEQUENTIAL DESIGNATION | |
| Dates of publication and/or sequential designation | Fascicolo: 4 / Anno: 10 (1969) |
| 500 ## - GENERAL NOTE | |
| General note | ARRI E. COTTALASSO B. PANI P. SEBASTIANI F. GOZZINI A. FUCHS W. R. TRIKER R. AGGIORNAMENTO SUL SISTEMA. INTERNAZIONALE DI UNITÀ DI MISURA. MATERIA E ANTIMATERIA. CONFRONTI INTERNAZIONALI TRA UNITÀ NAZIONALI DI CAPACITÀ ELETTRICA. ATTRITO MOTORINO ELETTRICO. ESPERIENZE SUL SECONDO PRINCIPIO DELLA DINAMICA. FORMAZIONE MATEMATICA DEL SECONDO PRINCIPIO DELLA TERMODINAMICA. CONGRESSO EDUCAZIONE INSEGNANTI DI FISICA. FISICA MODERNA ILLUSTRATA. LETTERA DEL PROF. CORTINI. |
| 501 ## - WITH NOTE | |
| With note | Società San Paolo EM - Piazza San Paolo, 14 - 12051 ALBA (CN) (non commercial uses only) ® Copyright 2017 |
| 520 ## - SUMMARY, ETC. | |
| Summary, etc. | ARRI E. COTTALASSO B. PANI P. SEBASTIANI F. GOZZINI A. FUCHS W. R. TRIKER R. AGGIORNAMENTO SUL SISTEMA. INTERNAZIONALE DI UNITÀ DI MISURA. MATERIA E ANTIMATERIA. CONFRONTI INTERNAZIONALI TRA UNITÀ NAZIONALI DI CAPACITÀ ELETTRICA. ATTRITO MOTORINO ELETTRICO. ESPERIENZE SUL SECONDO PRINCIPIO DELLA DINAMICA. FORMAZIONE MATEMATICA DEL SECONDO PRINCIPIO DELLA TERMODINAMICA. CONGRESSO EDUCAZIONE INSEGNANTI DI FISICA. FISICA MODERNA ILLUSTRATA. LETTERA DEL PROF. CORTINI. |
| 650 ## - SUBJECT ADDED ENTRY--TOPICAL TERM | |
| Topical term or geographic name as entry element | FISICA |
| 942 ## - ADDED ENTRY ELEMENTS (KOHA) | |
| Koha item type | RIVISTA |
| 957 ## - | |
| -- | 1 |
| 999 ## - SYSTEM CONTROL NUMBERS (KOHA) | |
| -- | 1 |
| Withdrawn status | Lost status | Damaged status | Not for loan | Home library | Current library | Date acquired | Total Checkouts | Full call number | Date last seen | Price effective from | Koha item type | Public note |
|---|---|---|---|---|---|---|---|---|---|---|---|---|
| Buone Condizioni | Not For Loan | ALBA - Biblioteca | ALBA - Biblioteca | 16/01/2017 | R530-R8198 | 16/01/2017 | 16/01/2017 | RIVISTA | (data import: 16 gennaio 2017) - By Epidotti, Vaglietti. |